[Event "GER-chT U16"]
[Site "Darmstadt"]
[Date "2022.12.29"]
[Round "6"]
[White "Soekler, Jakob"]
[Black "Schirneck, Ethan"]
[Result "1/2-1/2"]
[WhiteElo "1585"]
[BlackElo "1497"]
[PlyCount "59"]
[EventDate "2022.12.26"]
[EventType "team-swiss"]
[EventRounds "7"]
[EventCountry "GER"]
[SourceTitle "CBM 212 Extra"]
[Source "ChessBase"]
[SourceDate "2023.03.31"]
[SourceVersion "1"]
[SourceVersionDate "2023.03.31"]
[SourceQuality "1"]
[WhiteTeam "Stuttgart SF"]
[BlackTeam "Rheda"]
[WhiteTeamCountry "GER"]
[BlackTeamCountry "GER"]

1. d4 Nf6 2. c4 g6 3. Nc3 Bg7 4. Nf3 d6 5. Bg5 0-0 6. e3 Qe8 7. Bd3 Nbd7 8. 0-0 e5 9. Qc2 c6 10. Rad1 b6 11. dxe5 dxe5 12. Ne4 Nxe4 13. Bxe4 Qe6 14. Nd2 Nc5 15. Bf3 f6 16. Bh4 g5 17. Bg3 f5 18. h3 e4 19. Be2 f4 20. exf4 gxf4 21. Bh2 f3 22. gxf3 exf3 23. Bxf3 Qxh3 24. Bg2 Qg4 25. Ne4 Bf5 26. f3 Bxe4 27. fxe4 Rxf1+ 28. Rxf1 Qg6 29. Qe2 Re8 30. Re1 1/2-1/2

[Event "GER-chT Christmas U16 Lasker"]
[Site "Playchess.com INT"]
[Date "2020.12.28"]
[Round "5.2"]
[White "Movsisyan, Andranik"]
[Black "Schirneck, Ethan"]
[Result "1-0"]
[WhiteElo "1578"]
[BlackElo "1435"]
[PlyCount "87"]
[EventDate "2020.12.28"]
[EventType "team-swiss (blitz)"]
[EventRounds "7"]
[EventCountry "GER"]
[SourceTitle "CBM 200 Extra"]
[Source "ChessBase"]
[SourceDate "2021.03.31"]
[SourceVersion "1"]
[SourceVersionDate "2021.03.31"]
[SourceQuality "1"]
[WhiteTeam "Weisse Dame"]
[BlackTeam "Rheda"]
[WhiteTeamCountry "GER"]
[BlackTeamCountry "GER"]

1. e4 e5 2. Nf3 Nc6 3. Bc4 d6 4. d3 g6 5. Ng5 h6 6. Nxf7 Qf6 7. Nxh8 Qxh8 8. Qf3 Qf6 9. Bxg8 Qxf3 10. gxf3 Be7 11. Bd5 Bd7 12. Nc3 0-0-0 13. Bxc6 bxc6 14. Be3 Kb7 15. a4 Be6 16. a5 a6 17. Bxh6 g5 18. Ne2 Rh8 19. d4 Rxh6 20. b3 exd4 21. Nxd4 Bh3 22. Rg1 Bf6 23. 0-0-0 c5 24. Ne2 Be5 25. Ng3 Bxg3 26. Rxg3 Bd7 27. Rh1 Rf6 28. Rxg5 Rxf3 29. h4 Rxf2 30. h5 Bc6 31. Rh4 Rf1+ 32. Kb2 Re1 33. Rgg4 Bd7 34. Rf4 Rg1 35. h6 Rg8 36. h7 Rh8 37. Rf7 Be8 38. Rg7 Bf7 39. Rxf7 Kc6 40. Rg4 Kb5 41. Rxc7 Kxa5 42. Rb7 Rc8 43. e5 dxe5 44. Ra4# 1-0

[Event "GER-chT Christmas U16 Lasker"]
[Site "Playchess.com INT"]
[Date "2020.12.28"]
[Round "6.2"]
[White "Schirneck, Ethan"]
[Black "Schulz, Victor"]
[Result "0-1"]
[WhiteElo "1435"]
[BlackElo "1510"]
[PlyCount "52"]
[EventDate "2020.12.28"]
[EventType "team-swiss (blitz)"]
[EventRounds "7"]
[EventCountry "GER"]
[SourceTitle "CBM 200 Extra"]
[Source "ChessBase"]
[SourceDate "2021.03.31"]
[SourceVersion "1"]
[SourceVersionDate "2021.03.31"]
[SourceQuality "1"]
[WhiteTeam "Rheda"]
[BlackTeam "Baden-Baden II"]
[WhiteTeamCountry "GER"]
[BlackTeamCountry "GER"]

1. e4 d5 2. exd5 Nf6 3. Nc3 Nxd5 4. Nxd5 Qxd5 5. b3 Qe5+ 6. Be2 Qxa1 7. Bc4 Qe5+ 8. Kf1 Be6 9. Bxe6 Qxe6 10. Qf3 Nc6 11. d3 0-0-0 12. Ne2 Ne5 13. Qe3 Nc6 14. Qg3 g6 15. Nf4 Qe5 16. Qf3 Bg7 17. g3 Nd4 18. Qg4+ f5 19. Qg5 Nxc2 20. Bd2 Nd4 21. Kg2 Qd6 22. Rc1 e5 23. Ba5 b6 24. Bxb6 axb6 25. Nh3 Qd5+ 26. Kg1 Ne2+ 0-1